Diccionario de Botánica
Guardat en:
| Autor principal: | |
|---|---|
| Format: | Llibre |
| Idioma: | espanyol |
| Publicat: |
Barcelona, España
Labor
1953
|
| Col·lecció: | Diccionarios Labor
|
| Matèries: | |
| Etiquetes: |
Afegir etiqueta
Sense etiquetes, Sigues el primer a etiquetar aquest registre!
|
MARC
| LEADER | 00000nam a2200000 a 4500 | ||
|---|---|---|---|
| 001 | UCU4383 | ||
| 003 | CL-VaPUC | ||
| 005 | 20220122074434.0 | ||
| 008 | 960517e19530000SP |||||||||||||||||spa|d | ||
| 999 | |c 248116 |d 248114 | ||
| 040 | |c Pontificia Universidad Católica de Valparaíso | ||
| 082 | 0 | 4 | |a 581.03 FON 1953 |2 21 |
| 100 | 0 | |a Font Quer, Pío |9 361943 | |
| 245 | 1 | 0 | |a Diccionario de Botánica |
| 260 | 0 | 3 | |a Barcelona, España |b Labor |c 1953 |
| 300 | |a 1244 páginas | ||
| 490 | 0 | |a Diccionarios Labor | |
| 583 | |a last modification |c 20140228 04:21:29 |k Rodrigo Vera | ||
| 650 | 0 | |a Botánica |9 264202 | |
| 650 | 0 | |a Diccionarios |9 256200 | |
| 942 | |c BK |2 ddc | ||
| 945 | |d 19960517 00:00:00 |a rleighto | ||
| 952 | |0 0 |1 0 |2 ddc |4 0 |6 581_030000000000000_FON_1953 |7 0 |8 X |9 264537 |a BIBCUR |b BIBCUR |d 2019-11-19 |i 3199754 |o 581.03 FON 1953 |p 3199754 |r 2025-04-22 |t 1 |w 2019-11-19 |y BK_X |k BCB | ||
| 952 | |0 0 |1 0 |2 ddc |4 0 |6 581_030000000000000_FON_1953 |7 0 |8 F |9 264539 |a BIBAGR |b BIBAGR |d 2019-11-19 |i 3874346 |o 581.03 FON 1953 |p 3874346 |r 2025-01-20 |t 3 |w 2019-11-19 |y BK_F |k AGR | ||